[Event "Norway Chess Open Masters"]
[Site "Stavanger NOR"]
[Date "2021.09.15"]
[EventDate "?"]
[Round "8.1"]
[Result "1-0"]
[White "D Gukesh"]
[Black "Tor Fredrik Kaasen"]
[WhiteElo "2599"]
[BlackElo "2405"]
[PlyCount "72"]

1. d4 Nf6 2. c4 e6 3. Nf3 d5 4. Nc3 Bb4 5. Qa4+ Nc6 6. a3 Bxc3+ 7. bxc3 Ne4 8. Bf4 O-O 9. h4 Nxc3 10. Qc2 Ne4 11. e3 Bd7 12. Bd3 Rc8 13. Bxe4 dxe4 14. Qxe4 h6 15. O-O b6 16. Qc2 Qe7 17. d5 Na5 18. Rfd1 Qc5 19. Ne5 Be8 20. dxe6 fxe6 21. Qe4 Ba4 22. Bxh6 Bxd1 23. Rxd1 Rcd8 24. Rxd8 Rxd8 25. Bxg7 Qe7 26. Bh6 Qf6 27. Qg4+ Kh7 28. Bg5 Qxe5 29. Bxd8 Qf5 30. Qd4 c5 31. Qd7+ Kg6 32. Qe8+ Qf7 33. h5+ Kg7 34. h6+ Kg6 35. Qh8 Nxc4 36. h7 1-0

[Event "Norway Chess Open Masters"]
[Site "Stavanger NOR"]
[Date "2021.09.15"]
[EventDate "?"]
[Round "7.1"]
[Result "1/2-1/2"]
[White "P Iniyan"]
[Black "D Gukesh"]
[WhiteElo "2522"]
[BlackElo "2599"]
[PlyCount "96"]

1. e4 e5 2. Nf3 Nc6 3. Bb5 a6 4. Ba4 Nf6 5. O-O d6 6. c3 Nxe4 7. d4 Bd7 8. Qe2 Nf6 9. dxe5 Nxe5 10. Nxe5 dxe5 11. Qxe5+ Be7 12. Rd1 O-O 13. Bxd7 Bd6 14. Qd4 Qxd7 15. Bg5 Ne4 16. Bf4 Qf5 17. Bxd6 Nxd6 18. c4 b5 19. Nc3 Nxc4 20. Nd5 Qe5 21. Qxe5 Nxe5 22. Nxc7 Ra7 23. Nd5 h6 24. f4 Ng6 25. Rac1 Ne7 26. Rc7 Rxc7 27. Nxc7 Rc8 28. Rd7 Ng6 29. g3 Nf8 30. Re7 Ne6 31. Re8+ Rxe8 32. Nxe8 Kf8 33. Nd6 Nc5 34. b4 Nd3 35. a3 Ne1 36. Ne4 Nc2 37. Nc5 Ke7 38. Kf2 Kd6 39. Ke2 Nxa3 40. Nxa6 Nc4 41. Kd3 Nb6 42. Ke4 Nd5 43. f5 g5 44. fxg6 fxg6 45. Kd4 Ne7 46. Ke4 Nd5 47. Kd4 Ne7 48. Ke4 Nd5 1/2-1/2

[Event "Norway Chess Open Masters"]
[Site "Stavanger NOR"]
[Date "2021.09.17"]
[EventDate "?"]
[Round "10.1"]
[Result "1/2-1/2"]
[White "D Gukesh"]
[Black "Evgeny Romanov"]
[WhiteElo "2599"]
[BlackElo "2594"]
[PlyCount "44"]

1. d4 Nf6 2. c4 e6 3. Nf3 b6 4. a3 Bb7 5. Nc3 Ne4 6. Nxe4 Bxe4 7. Bf4 Be7 8. e3 a5 9. Bd3 Bxd3 10. Qxd3 a4 11. O-O d6 12. e4 Nd7 13. Rad1 O-O 14. Rfe1 Re8 15. e5 Nf8 16. d5 exd5 17. Qxd5 dxe5 18. Qxe5 Qc8 19. Qxc7 Ne6 20. Qxc8 Raxc8 21. Bd6 Bf6 22. Be5 1/2-1/2

[Event "36th ECC Open 2021"]
[Site "Struga MKD"]
[Date "2021.09.18"]
[EventDate "2021.09.18"]
[Round "1.17"]
[Result "1-0"]
[White "D Gukesh"]
[Black "Peter Schreiner"]
[WhiteElo "2599"]
[BlackElo "2440"]
[PlyCount "70"]

1. d4 Nf6 2. c4 g6 3. Nc3 d5 4. cxd5 Nxd5 5. e4 Nxc3 6. bxc3 Bg7 7. Bc4 c5 8.
Ne2 Nc6 9. Be3 O-O 10. O-O Qc7 11. Rc1 e6 12. Qd2 b6 13. h4 a6 14. Bf4 Qd7 15.
Rfd1 Na5 16. Bd3 Bb7 17. Rb1 b5 18. dxc5 e5 19. Be3 Qe6 20. f3 Rfc8 21. c4 Nc6
22. cxb5 axb5 23. Bxb5 Rxa2 24. Qd7 Qxd7 25. Rxd7 Na5 26. Nc1 Ra3 27. Bd2 Bc6
28. Rd3 Rxd3 29. Bxd3 Nb7 30. Ba6 Rc7 31. Nd3 Bf8 32. Be3 f6 33. Rb6 Nd8 34. Bb5
Be7 35. Nb4 Kg7 1-0

[Event "36th ECC Open 2021"]
[Site "Struga MKD"]
[Date "2021.09.19"]
[EventDate "2021.09.18"]
[Round "2.8"]
[Result "0-1"]
[White "Johan-Sebastian Christiansen"]
[Black "D Gukesh"]
[WhiteElo "2609"]
[BlackElo "2599"]
[PlyCount "74"]

1. e4 c5 2. Nf3 Nc6 3. Bb5 g6 4. O-O Bg7 5. c3 Nf6 6. d4 Nxe4 7. d5 Nb8 8. Re1
Nf6 9. d6 e6 10. Ne5 a6 11. Be2 O-O 12. Bf3 Ra7 13. Bg5 h6 14. Bh4 b6 15. Nd2 g5
16. Bg3 Bb7 17. h4 Nc6 18. hxg5 hxg5 19. Bxc6 Bxc6 20. Nxc6 dxc6 21. Nf3 Nh5 22.
Bh2 Rd7 23. Qa4 Nf4 24. Rad1 Rxd6 25. Rxd6 Qxd6 26. Nxg5 e5 27. Bxf4 exf4 28.
Qxa6 b5 29. Nf3 Qd5 30. Qa7 b4 31. cxb4 cxb4 32. b3 Bc3 33. Rf1 Kg7 34. Qc7 Qf5
35. Nh4 Qg4 36. g3 Rh8 37. Qe7 fxg3 0-1

[Event "36th ECC Open 2021"]
[Site "Struga MKD"]
[Date "2021.09.20"]
[EventDate "2021.09.18"]
[Round "3.2"]
[Result "1/2-1/2"]
[White "D Gukesh"]
[Black "Peter Svidler"]
[WhiteElo "2599"]
[BlackElo "2701"]
[PlyCount "82"]

1. d4 Nf6 2. c4 g6 3. Nc3 d5 4. cxd5 Nxd5 5. e4 Nxc3 6. bxc3 Bg7 7. Bc4 c5 8.
Ne2 Nc6 9. Be3 O-O 10. O-O b6 11. Qd2 Bb7 12. Rac1 e6 13. f3 Rc8 14. h4 cxd4 15.
cxd4 Qd6 16. h5 Rfd8 17. Rfd1 Na5 18. Bd3 Nc6 19. e5 Qb4 20. Be4 Qxd2 21. Rxd2
Na5 22. Bxb7 Rxc1+ 23. Nxc1 Nxb7 24. h6 Rc8 25. Ne2 Bf8 26. d5 Rd8 27. Nc3 Bb4
28. Rd3 Nc5 29. Bxc5 Bxc5+ 30. Kf1 exd5 31. Nxd5 Kh8 32. g4 g5 33. Ke2 Re8 34.
Ne3 Kg8 35. Rd5 f6 36. Nc4 fxe5 37. Kd3 Bf8 38. Rd7 Bxh6 39. Rxa7 Rd8+ 40. Ke2
b5 41. Nd2 Bg7 1/2-1/2

[Event "36th ECC Open 2021"]
[Site "Struga MKD"]
[Date "2021.09.22"]
[EventDate "2021.09.18"]
[Round "5.6"]
[Result "1-0"]
[White "D Gukesh"]
[Black "Aleksandar Indjic"]
[WhiteElo "2599"]
[BlackElo "2629"]
[PlyCount "108"]

1. d4 Nf6 2. c4 e6 3. Nc3 c5 4. d5 exd5 5. cxd5 d6 6. e4 g6 7. f4 Bg7 8. Bb5+
Nfd7 9. a4 O-O 10. Nf3 Na6 11. O-O Nb4 12. f5 Ne5 13. Nxe5 Bxe5 14. Bf4 Bxf4 15.
Rxf4 a6 16. Bc4 Qf6 17. Qd2 Qe5 18. Rf3 Qd4+ 19. Qxd4 cxd4 20. Ne2 Re8 21. fxg6
hxg6 22. Ng3 Nc2 23. Rc1 Ne3 24. Be2 Kf8 25. b3 Rb8 26. h3 Bd7 27. Bd3 Rbc8 28.
Rxc8 Rxc8 29. Ne2 Nc2 30. Bxc2 Rxc2 31. Nxd4 Rd2 32. Ne6+ Ke7 33. Nf4 b5 34.
axb5 Bxb5 35. h4 Rd4 36. Re3 Kf6 37. Nh3 Rd1+ 38. Kf2 Ke5 39. Ng5 Rf1+ 40. Kg3
Kd4 41. Rf3 Rxf3+ 42. Kxf3 Be8 43. Kf4 Kc3 44. g4 f6 45. Nh7 g5+ 46. hxg5 fxg5+
47. Kxg5 Kxb3 48. Nf6 Bb5 49. Kf5 a5 50. g5 a4 51. g6 a3 52. g7 a2 53. g8=Q a1=Q
54. Qg3+ 1-0

[Event "Junior U21 Round Table Op"]
[Site "Plovdiv BUL"]
[Date "2021.09.26"]
[EventDate "?"]
[Round "1.5"]
[Result "1/2-1/2"]
[White "D Gukesh"]
[Black "Valentin Mitev"]
[WhiteElo "2599"]
[BlackElo "2223"]
[PlyCount "122"]

1. d4 Nf6 2. c4 g6 3. g3 c6 4. Bg2 d5 5. Nf3 Bg7 6. O-O O-O 7. Nbd2 Ne4 8. b3 c5 9. Bb2 cxd4 10. Bxd4 Bxd4 11. Nxd4 Nxd2 12. Qxd2 dxc4 13. bxc4 Nc6 14. Bxc6 bxc6 15. Qf4 Qe8 16. Qc7 Qd7 17. Qxc6 Qxd4 18. Qxa8 Bh3 19. Qd5 Qxd5 20. cxd5 Bxf1 21. Kxf1 Rd8 22. Rd1 f5 23. Rd3 a5 24. f4 Kf7 25. Kf2 Rc8 26. d6 exd6 27. Rxd6 Rc2 28. Rd7+ Kg8 29. a3 Ra2 30. Rd3 Kf7 31. h3 h5 32. Kf3 Ke6 33. Re3+ Kf6 34. Rc3 a4 35. e3 Kf7 36. e4 Rb2 37. exf5 gxf5 38. Ke3 Ke6 39. Kd4 h4 40. gxh4 Rf2 41. Ke3 Rh2 42. Kd4 Rf2 43. Rc6+ Kd7 44. Ke3 Rh2 45. Ra6 Rxh3+ 46. Kd4 Rxa3 47. h5 Rh3 48. h6 Ke8 49. Ke5 Rh5 50. h7 Rxh7 51. Kxf5 Rf7+ 52. Kg5 Rg7+ 53. Kh5 Kf7 54. Rxa4 Kf6 55. Ra8 Rh7+ 56. Kg4 Rg7+ 57. Kf3 Rb7 58. Ra6+ Kf5 59. Ra5+ Kf6 60. Kg4 Rg7+ 61. Rg5 1/2-1/2

[Event "Junior U21 Round Table Op"]
[Site "Plovdiv BUL"]
[Date "2021.09.28"]
[EventDate "?"]
[Round "4.5"]
[Result "0-1"]
[White "Dimitrios Alexakis"]
[Black "D Gukesh"]
[WhiteElo "2460"]
[BlackElo "2599"]
[PlyCount "94"]

1. e4 c5 2. Nf3 Nc6 3. d4 cxd4 4. Nxd4 Nf6 5. Nc3 e5 6. Ndb5 d6 7. Bg5 a6 8. Na3 b5 9. Bxf6 gxf6 10. Nd5 f5 11. c3 Bg7 12. exf5 Bxf5 13. Nc2 O-O 14. Nce3 Be6 15. Bd3 f5 16. O-O e4 17. Nf4 Bd7 18. Bc2 Ne5 19. Qh5 Rf6 20. Qg5 Qf8 21. Ned5 Rh6 22. Nb6 Ra7 23. Nxd7 Rxd7 24. f3 exf3 25. Bxf5 Re7 26. Be4 Kh8 27. g3 Rf7 28. Nd5 Rh3 29. Qd2 Ng4 30. Rxf3 Rxf3 31. Qg2 Qb8 32. Bxf3 Rxh2 33. Bxg4 Rxg2+ 34. Kxg2 Be5 35. Bf3 Qg8 36. g4 Qg5 37. Kf1 Qd2 38. Re1 Qxb2 39. Re2 Qc1+ 40. Re1 Qh6 41. Ke2 Qh2+ 42. Ke3 Qxa2 43. Rh1 Bxc3 44. Be4 Bd2+ 45. Kf3 h6 46. Rf1 Bg5 47. Kg3 Qc4 0-1

[Event "Junior U21 Round Table Op"]
[Site "Plovdiv BUL"]
[Date "2021.09.28"]
[EventDate "?"]
[Round "3.8"]
[Result "1-0"]
[White "D Gukesh"]
[Black "Van Foreest, Lucas"]
[WhiteElo "2599"]
[BlackElo "2535"]
[PlyCount "142"]

1. d4 Nf6 2. c4 e6 3. Nf3 d5 4. g3 Be7 5. Bg2 O-O 6. O-O dxc4 7. Qc2 a6 8. a4 Bd7 9. Qxc4 Bc6 10. Bg5 Nbd7 11. Nc3 h6 12. Bxf6 Nxf6 13. Rfd1 Qd6 14. e3 Rab8 15. a5 Rfe8 16. Qe2 Bxf3 17. Bxf3 Bf8 18. Ra4 e5 19. dxe5 Qxe5 20. Nd5 c6 21. Nxf6+ Qxf6 22. Rf4 Qe7 23. Qc2 Red8 24. Be2 Rxd1+ 25. Qxd1 Rd8 26. Qb3 Rd6 27. Bc4 Rf6 28. Rxf6 gxf6 29. Qd3 Qc7 30. Qf5 Bg7 31. b3 Kf8 32. Qg4 Qd8 33. h4 Kg8 34. Kg2 Kf8 35. Qf5 Ke8 36. e4 Qc7 37. Kf1 Kf8 38. Qg4 Kg8 39. Qd1 Qe7 40. Kg1 Qc7 41. Qh5 Qd7 42. Qc5 Bf8 43. Qa7 Qc7 44. Kg2 Bd6 45. Qe3 Bf8 46. Qf3 Bg7 47. Qf5 Kf8 48. Be2 Kg8 49. Bg4 Qe7 50. Be2 Qc7 51. Bc4 Kf8 52. g4 Kg8 53. Kh3 Qe7 54. f3 Bf8 55. f4 Kg7 56. g5 hxg5 57. hxg5 fxg5 58. fxg5 Qe8 59. Qf6+ Kg8 60. g6 Qd7+ 61. Kg3 Bg7 62. gxf7+ Kf8 63. Qf4 Qd8 64. b4 Bc3 65. Qh6+ Bg7 66. Qf4 Bc3 67. Qf5 Bxb4 68. Kh3 Qd6 69. e5 Qh6+ 70. Kg4 Kg7 71. f8=Q+ 1-0

[Event "Junior U21 Round Table Op"]
[Site "Plovdiv BUL"]
[Date "2021.09.29"]
[EventDate "?"]
[Round "5.2"]
[Result "1/2-1/2"]
[White "D Gukesh"]
[Black "Subramaniyam H Bharath"]
[WhiteElo "2599"]
[BlackElo "2435"]
[PlyCount "82"]

1. d4 d5 2. c4 e6 3. Nf3 a6 4. Bg5 Be7 5. Bxe7 Qxe7 6. Nbd2 Nf6 7. g3 Nbd7 8. Bg2 b6 9. O-O Bb7 10. Rc1 c5 11. dxc5 bxc5 12. cxd5 exd5 13. b4 cxb4 14. Nb3 O-O 15. Na5 Rab8 16. Nd4 Ne5 17. Nxb7 Qxb7 18. Nf5 Rbd8 19. Qd4 Rfe8 20. Rfd1 Qd7 21. Ne3 Qb5 22. Rd2 h6 23. Nxd5 Nxd5 24. Bxd5 Rd7 25. Kg2 Red8 26. Rc5 Qb8 27. Qe4 Ng6 28. Qf5 Kh8 29. e4 Ne7 30. Qf3 Qb6 31. Rdc2 Nxd5 32. exd5 a5 33. Qe4 a4 34. Rc8 b3 35. axb3 Qxb3 36. Rxd8+ Rxd8 37. Rc5 a3 38. Ra5 a2 39. Qa4 Qxa4 40. Rxa4 Rxd5 41. Rxa2 1/2-1/2

[Event "Junior U21 Round Table Op"]
[Site "Plovdiv BUL"]
[Date "2021.10.01"]
[EventDate "?"]
[Round "7.5"]
[Result "1-0"]
[White "D Gukesh"]
[Black "Lampros Giannoulakis"]
[WhiteElo "2599"]
[BlackElo "2319"]
[PlyCount "78"]

1. d4 Nf6 2. c4 g6 3. Nc3 Bg7 4. e4 d6 5. Nf3 O-O 6. Be2 e5 7. O-O Nc6 8. d5 Ne7 9. Ne1 Nd7 10. Nd3 f5 11. f3 f4 12. b4 g5 13. c5 Nf6 14. a4 h5 15. Nf2 Rf7 16. Kh1 Bf8 17. Rg1 Rg7 18. g3 Ng6 19. c6 bxc6 20. dxc6 Be6 21. Nd5 Bxd5 22. exd5 Qb8 23. Bd3 Qxb4 24. Ne4 Nxe4 25. Bxe4 fxg3 26. hxg3 Be7 27. Qc2 Kf7 28. Be3 Qb8 29. Rab1 Qh8 30. Rb7 Bd8 31. Bf5 Nf8 32. Rgb1 g4 33. fxg4 hxg4+ 34. Kg1 Qh3 35. Qf2 Kg8 36. Rb8 Rxb8 37. Rxb8 Be7 38. Rc8 Rf7 39. Be6 1-0

[Event "Junior U21 Round Table Op"]
[Site "Plovdiv BUL"]
[Date "2021.10.02"]
[EventDate "?"]
[Round "8.3"]
[Result "1/2-1/2"]
[White "Vugar Asadli"]
[Black "D Gukesh"]
[WhiteElo "2578"]
[BlackElo "2599"]
[PlyCount "58"]

1. e4 e5 2. Nf3 Nc6 3. Bb5 a6 4. Ba4 Nf6 5. Nc3 Bd6 6. d3 h6 7. g4 b5 8. Bb3 Na5 9. Rg1 Bb7 10. h4 Nxb3 11. axb3 Qe7 12. Qe2 O-O-O 13. Bd2 Qe6 14. g5 hxg5 15. hxg5 Nh5 16. O-O-O g6 17. Nh2 Be7 18. Qf3 c6 19. Ng4 d5 20. exd5 cxd5 21. Rde1 Bd6 22. Nh6 Rd7 23. d4 e4 24. Qg4 Ng7 25. Ne2 Qxg4 26. Nxg4 Ne6 27. Rh1 Rdd8 28. Nf6 Be7 29. Be3 1/2-1/2

[Event "Junior U21 Round Table Op"]
[Site "Plovdiv BUL"]
[Date "2021.10.03"]
[EventDate "?"]
[Round "9.5"]
[Result "1-0"]
[White "D Gukesh"]
[Black "P Iniyan"]
[WhiteElo "2599"]
[BlackElo "2522"]
[PlyCount "84"]

1. d4 Nf6 2. c4 g6 3. Nc3 Bg7 4. e4 d6 5. Nf3 O-O 6. Be2 e5 7. O-O Nbd7 8. Qc2 c6 9. Be3 Ng4 10. Bg5 f6 11. Bh4 Nh6 12. dxe5 dxe5 13. h3 Nc5 14. b4 Ne6 15. c5 Qe8 16. Bc4 Kh8 17. Bg3 b6 18. cxb6 axb6 19. a4 Qe7 20. b5 Nd4 21. Nxd4 exd4 22. Ne2 f5 23. e5 c5 24. Nf4 g5 25. Nd5 Qb7 26. f4 Nf7 27. Qb3 gxf4 28. Nxf4 Bxe5 29. Bd5 Qa7 30. Rae1 Bd6 31. Bxa8 Qxa8 32. Nh5 Qb7 33. Rf2 Rg8 34. Bh4 Rf8 35. Rfe2 Qc7 36. Be7 c4 37. Bxf8 Bxf8 38. Re8 Kg8 39. Qb4 Nd6 40. Nf6+ Kg7 41. Rxf8 Kxf8 42. Ne8 1-0

[Event "ChessMood Open 2021"]
[Site "Tsaghkadzor ARM"]
[Date "2021.10.04"]
[EventDate "?"]
[Round "1.2"]
[Result "1-0"]
[White "D Gukesh"]
[Black "Arman Hakemi"]
[WhiteElo "2640"]
[BlackElo "2323"]
[PlyCount "68"]

1. d4 Nf6 2. c4 e6 3. Nf3 Bb4+ 4. Nbd2 b6 5. g3 Bb7 6. Bg2 O-O 7. O-O d5 8. Ne5 Nbd7 9. Qa4 Bxd2 10. Bxd2 Nxe5 11. dxe5 Nd7 12. Bc3 a5 13. Rfd1 c6 14. e4 b5 15. cxb5 Nb6 16. Qb3 c5 17. exd5 exd5 18. a4 Qe7 19. Rac1 d4 20. Bxb7 Qxb7 21. Be1 Rfc8 22. f4 c4 23. Qa2 Nd5 24. Rxd4 Ne3 25. Rd2 Rd8 26. Re2 Qf3 27. Rf2 Qe4 28. b3 cxb3 29. Qxb3 Rd3 30. Qa2 Nd1 31. Re2 Re3 32. Qc2 Nc3 33. Rxe3 Qxe3+ 34. Kg2 1-0

[Event "ChessMood Open 2021"]
[Site "Tsaghkadzor ARM"]
[Date "2021.10.05"]
[EventDate "?"]
[Round "2.2"]
[Result "1/2-1/2"]
[White "Subramaniyam H Bharath"]
[Black "D Gukesh"]
[WhiteElo "2435"]
[BlackElo "2640"]
[PlyCount "162"]

1. e4 e5 2. Nf3 Nc6 3. Bb5 a6 4. Ba4 Nf6 5. Nc3 d6 6. d4 Bd7 7. dxe5 Nxe5 8. Bxd7+ Nexd7 9. O-O g6 10. Bg5 Bg7 11. Qd2 h6 12. Bf4 Qe7 13. Rfe1 O-O-O 14. Qd4 Nc5 15. Qb4 Rhe8 16. e5 dxe5 17. Bxe5 Ncd7 18. Qxe7 Rxe7 19. Bd4 Bf8 20. Kf1 b5 21. Rxe7 Bxe7 22. Re1 Bb4 23. a3 Bd6 24. h3 Kb7 25. Rd1 Re8 26. Nd2 Bf8 27. Nb3 c5 28. Be3 c4 29. Nd2 Kc6 30. Nf3 Nc5 31. Bd4 Nfd7 32. h4 h5 33. Ng5 f6 34. Nh3 Bh6 35. Nd5 Ne4 36. Nhf4 a5 37. Be3 Ne5 38. Nxg6 Nxg6 39. Bxh6 Nxh4 40. Bf4 Ng6 41. Nxf6 Nxf6 42. Rd6+ Kc5 43. Rxf6 Nxf4 44. Rxf4 Re5 45. Rf3 b4 46. Re3 Rg5 47. g3 Kb5 48. f4 Rd5 49. axb4 Kxb4 50. Ke2 Kc5 51. Re4 a4 52. c3 Rd3 53. Re3 Rd5 54. Re8 Kc6 55. Rc8+ Kb5 56. Kf3 Rd3+ 57. Kg2 a3 58. bxa3 Rxc3 59. f5 Rxa3 60. f6 Ra7 61. Rf8 Rb7 62. Kh3 c3 63. Rc8 Rf7 64. Kh4 Rxf6 65. Rxc3 Rh6 66. Rc8 Rh7 67. Re8 Kc6 68. Re5 Kd6 69. Rxh5 Rg7 70. Rf5 Rg8 71. g4 Ke6 72. Rf4 Ke5 73. Rf7 Ke6 74. Rf1 Rh8+ 75. Kg3 Ke7 76. g5 Rf8 77. Rf4 Rxf4 78. Kxf4 Kf7 79. Kf5 Kg7 80. g6 Kg8 81. Ke4 1/2-1/2

[Event "ChessMood Open 2021"]
[Site "Tsaghkadzor ARM"]
[Date "2021.10.06"]
[EventDate "?"]
[Round "3.9"]
[Result "1-0"]
[White "D Gukesh"]
[Black "Armen Ar Barseghyan"]
[WhiteElo "2640"]
[BlackElo "2356"]
[PlyCount "142"]

1. d4 Nf6 2. c4 e6 3. Nf3 a6 4. Nc3 d5 5. cxd5 exd5 6. Bg5 Be6 7. e3 Nbd7 8. Bd3 Bd6 9. O-O c6 10. Bf4 Qc7 11. Qd2 O-O 12. h3 g6 13. Rac1 Nh5 14. Bxd6 Qxd6 15. Na4 Ng7 16. b4 Bf5 17. Nc5 Bxd3 18. Qxd3 Rab8 19. a4 Ne6 20. Rc2 Nc7 21. Nd2 Qe7 22. Ndb3 Ne8 23. b5 axb5 24. axb5 cxb5 25. Qxb5 Ndf6 26. Na5 Nd6 27. Qb6 Rfc8 28. Rfc1 Rc7 29. Nd3 Rxc2 30. Rxc2 Rc8 31. Rc5 Kg7 32. Nxb7 Nc4 33. Qb4 Re8 34. Rb5 Qe4 35. Nbc5 Qh4 36. Rb7 g5 37. Nd7 Nxd7 38. Rxd7 Qe4 39. Nc5 Qf5 40. Qb7 Nxe3 41. fxe3 Rxe3 42. Re7 Qf4 43. Ne6+ Rxe6 44. Rxe6 Qc1+ 45. Kf2 Qf4+ 46. Ke2 Qg3 47. Re7 Qxg2+ 48. Kd1 Qg1+ 49. Kc2 Qg2+ 50. Kb3 Qxh3+ 51. Kb4 Qf5 52. Kc5 Qf3 53. Kd6 Qf6+ 54. Kxd5 h5 55. Kc5 h4 56. Re5 h3 57. Qh1 g4 58. Qe4 Qg6 59. Qf4 Kf8 60. Rg5 Qc2+ 61. Kd6 Qb2 62. Qxg4 Qb6+ 63. Kd5 h2 64. Qc8+ Ke7 65. Re5+ Kf6 66. Qh8+ Kg6 67. Qh5+ Kg7 68. Rg5+ Kf8 69. Qh8+ Ke7 70. Re5+ Kd7 71. Qe8+ 1-0

[Event "ChessMood Open 2021"]
[Site "Tsaghkadzor ARM"]
[Date "2021.10.07"]
[EventDate "?"]
[Round "4.3"]
[Result "1-0"]
[White "Aleksey Goganov"]
[Black "D Gukesh"]
[WhiteElo "2557"]
[BlackElo "2640"]
[PlyCount "98"]

1. e4 e5 2. Nf3 Nc6 3. Bb5 a6 4. Ba4 Nf6 5. O-O d6 6. c3 Nxe4 7. d4 Bd7 8. Re1 Nf6 9. Bxc6 Bxc6 10. dxe5 dxe5 11. Qxd8+ Kxd8 12. Nxe5 Be8 13. Bg5 h6 14. Bxf6+ gxf6 15. Ng4 Bg7 16. Nd2 Bd7 17. Ne3 c6 18. Ne4 b6 19. Ng3 h5 20. Rad1 Kc7 21. a3 a5 22. Ngf5 Bf8 23. b4 Re8 24. g3 b5 25. f4 Be6 26. Kf2 axb4 27. axb4 c5 28. Rb1 Ra8 29. Rb2 Ra4 30. Reb1 Kc6 31. h4 Rg8 32. Rc1 Kb6 33. Rcb1 Kc6 34. Ke2 Ba2 35. Rc1 Kb6 36. Ra1 Be6 37. bxc5+ Ka7 38. Rxa4+ bxa4 39. Rb5 a3 40. Nd4 Bd7 41. c6 Bc8 42. Ra5+ Kb8 43. Nd5 a2 44. Rxa2 Bc5 45. Rb2+ Ka8 46. Nb5 Bg4+ 47. Kd2 Kb8 48. Nd6+ Ka7 49. Ra2+ 1-0

[Event "ChessMood Open 2021"]
[Site "Tsaghkadzor ARM"]
[Date "2021.10.09"]
[EventDate "?"]
[Round "6.11"]
[Result "1-0"]
[White "D Gukesh"]
[Black "Guha Mitrabha"]
[WhiteElo "2640"]
[BlackElo "2479"]
[PlyCount "96"]

1. d4 Nf6 2. c4 g6 3. Nc3 Bg7 4. e4 d6 5. h3 O-O 6. Be3 Na6 7. Nf3 c5 8. d5 e6 9. Bd3 Re8 10. O-O e5 11. a3 Nh5 12. Re1 Nc7 13. b4 b6 14. Rc1 Nf4 15. Bf1 Bd7 16. Kh2 Rf8 17. g3 Nh5 18. Nd2 Qc8 19. Bg2 Bh8 20. Rc2 Qe8 21. Bh6 Bg7 22. Bxg7 Nxg7 23. f4 f6 24. Nf3 Qe7 25. Qd2 Na6 26. Rb2 Rac8 27. Bf1 Kh8 28. Bd3 Nh5 29. Ne2 Qg7 30. f5 Rce8 31. g4 gxf5 32. gxh5 fxe4 33. Bxe4 f5 34. Rg1 Qe7 35. Bb1 f4 36. Nc3 Rg8 37. Qe1 Rxg1 38. Qxg1 Qf7 39. Qg5 Rg8 40. Qh6 Rg3 41. Ng5 Qg7 42. Qxg7+ Kxg7 43. Nce4 Rxa3 44. Rg2 Bf5 45. b5 Nb4 46. Ne6+ Kh6 47. N4g5 Bxe6 48. dxe6 1-0

[Event "ChessMood Open 2021"]
[Site "Tsaghkadzor ARM"]
[Date "2021.10.10"]
[EventDate "?"]
[Round "7.6"]
[Result "1/2-1/2"]
[White "Artur Davtyan"]
[Black "D Gukesh"]
[WhiteElo "2453"]
[BlackElo "2640"]
[PlyCount "78"]

1. d4 d5 2. c4 e6 3. Nf3 Nf6 4. g3 Be7 5. Bg2 O-O 6. Nc3 a5 7. O-O c6 8. b3 Nbd7 9. Qc2 b5 10. cxb5 cxb5 11. Nxb5 Ba6 12. Nc3 Rc8 13. Qb2 Ne4 14. Bd2 Nxd2 15. Nxd2 Bb4 16. Rfc1 Bxc3 17. Rxc3 Bxe2 18. Rac1 Rxc3 19. Qxc3 Qb6 20. Rc2 Nf6 21. Qc5 Qa6 22. Qc6 Qd3 23. Qc3 Qxc3 24. Rxc3 Ra8 25. Bf1 Bxf1 26. Kxf1 Kf8 27. a4 Ke7 28. Rc5 Nd7 29. Rb5 Kd6 30. Ke2 Kc7 31. Nf3 f6 32. Ne1 Nb8 33. Nd3 Nc6 34. Ke3 Kd6 35. f4 Ra7 36. Rb6 Kc7 37. Rb5 Kd6 38. Rb6 Kc7 39. Rb5 Kd6 1/2-1/2

[Event "ChessMood Open 2021"]
[Site "Tsaghkadzor ARM"]
[Date "2021.10.11"]
[EventDate "?"]
[Round "8.8"]
[Result "1/2-1/2"]
[White "D Gukesh"]
[Black "Nikoloz Petriashvili"]
[WhiteElo "2640"]
[BlackElo "2432"]
[PlyCount "86"]

1. d4 Nf6 2. c4 g6 3. Nc3 d5 4. cxd5 Nxd5 5. Bd2 Nb6 6. e3 Bg7 7. h4 h5 8. Nf3 Bg4 9. Be2 Nc6 10. Ng5 Bxe2 11. Qxe2 Qd7 12. f4 Qg4 13. Nce4 Bf6 14. Qxg4 hxg4 15. Ke2 Nc4 16. Bc3 Rd8 17. Nxf6+ exf6 18. d5 Rxd5 19. Ne4 Rb5 20. Rad1 f5 21. Nf6+ Ke7 22. a4 Rxb2+ 23. Kd3 N6a5 24. Nd5+ Kd6 25. Bxh8 Kxd5 26. Bxb2 Nxb2+ 27. Kc3+ Nxd1+ 28. Rxd1+ Ke6 29. h5 gxh5 30. Rh1 b6 31. Rxh5 Nb7 32. Kd4 Nd6 33. Rh6+ f6 34. Rh7 c5+ 35. Kd3 a5 36. Rh6 Ne4 37. Rh8 Kd5 38. Rd8+ Nd6 39. Kc3 c4 40. Rd7 Kc5 41. Rc7+ Kd5 42. Rd7 Kc5 43. Rc7+ 1/2-1/2

[Event "ChessMood Open 2021"]
[Site "Tsaghkadzor ARM"]
[Date "2021.10.12"]
[EventDate "?"]
[Round "9.8"]
[Result "1/2-1/2"]
[White "R Vaishali"]
[Black "D Gukesh"]
[WhiteElo "2419"]
[BlackElo "2640"]
[PlyCount "86"]

1. e4 c6 2. d4 d5 3. e5 Bf5 4. Nd2 e6 5. Nb3 Nd7 6. Nf3 Ne7 7. Be2 h6 8. O-O g5 9. a4 a5 10. Ne1 c5 11. Nxc5 Nxc5 12. dxc5 Nc6 13. Bd3 Bxc5 14. Bxf5 exf5 15. Nd3 Bb6 16. c3 f4 17. b4 O-O 18. h4 f6 19. Qh5 Kh7 20. exf6 Qxf6 21. hxg5 Qxg5 22. Qxg5 hxg5 23. b5 Ne7 24. Ba3 Rfe8 25. Ne5 Bc7 26. Nd7 Ng8 27. Rad1 Re4 28. Nc5 Rc4 29. Rxd5 Nf6 30. Rd3 Kg6 31. Nxb7 Rxa4 32. Bd6 Bb6 33. Bc5 Bxc5 34. Nxc5 Rc4 35. Nd7 Nxd7 36. Rxd7 Rxc3 37. Rfd1 Rc5 38. b6 Rb5 39. b7 Rb8 40. R1d6+ Kf5 41. Rd5+ Rxd5 42. Rxd5+ Kg6 43. Rxa5 Rxb7 1/2-1/2

[Event "3rd Yerevan Open A 2021"]
[Site "Yerevan ARM"]
[Date "2021.10.14"]
[EventDate "?"]
[Round "1.2"]
[Result "1-0"]
[White "D Gukesh"]
[Black "Vuppala Prraneeth"]
[WhiteElo "2640"]
[BlackElo "2253"]
[PlyCount "84"]

1. Nf3 d5 2. g3 g6 3. c4 c6 4. Bg2 Bg7 5. O-O e5 6. d3 Ne7 7. Nbd2 O-O 8. Rb1 a5 9. b3 Na6 10. a3 b5 11. cxd5 cxd5 12. Bb2 Qd6 13. e4 d4 14. Ne1 Be6 15. f4 f6 16. Nef3 Nc5 17. Qe2 Bh6 18. Kh1 Rac8 19. Ba1 Nc6 20. f5 gxf5 21. exf5 Bxf5 22. b4 axb4 23. axb4 Nxb4 24. Rxb4 Bxd3 25. Qd1 Bxf1 26. Bxf1 Qd5 27. Bxb5 Ne4 28. Nxe4 Qxe4 29. Bb2 Kh8 30. Bd3 Qe3 31. Nh4 Qf2 32. Rb7 f5 33. Ba3 Rf6 34. Rb2 Qe3 35. Re2 Qg5 36. Rxe5 Rfc6 37. Nxf5 Qf6 38. Nxh6 Qxh6 39. Qg4 Qd2 40. Re8+ Rxe8 41. Qxd4+ Kg8 42. Bxh7+ 1-0

[Event "3rd Yerevan Open A 2021"]
[Site "Yerevan ARM"]
[Date "2021.10.15"]
[EventDate "?"]
[Round "2.1"]
[Result "0-1"]
[White "R Vaishali"]
[Black "D Gukesh"]
[WhiteElo "2419"]
[BlackElo "2640"]
[PlyCount "86"]

1. e4 c5 2. Nf3 d6 3. Bb5+ Nd7 4. c3 Nf6 5. Qe2 a6 6. Ba4 e6 7. O-O Be7 8. d4 b5 9. Bc2 Bb7 10. Nbd2 Qc7 11. e5 Nd5 12. exd6 Bxd6 13. Ne4 Be7 14. Re1 O-O 15. dxc5 Nxc5 16. Nxc5 Bxc5 17. Qe4 g6 18. Qh4 Rfe8 19. Bb3 h5 20. Ng5 Nf6 21. h3 Rad8 22. Be3 Be7 23. Bf4 Qc6 24. f3 Nd5 25. Be5 Qb6+ 26. Kh1 Rd7 27. Qg3 Ne3 28. Qf4 Nf5 29. Ne4 Qd8 30. Rad1 Bd5 31. g4 g5 32. gxf5 gxf4 33. Rg1+ Kh7 34. Rg7+ Kh6 35. Rdg1 Bxe4 36. Bxf4+ Bg5 37. R7xg5 Bxf3+ 38. Kh2 Kh7 39. fxe6 Rd2+ 40. Kg3 f6 41. Rg7+ Kxg7 42. Kxf3+ Kh8 43. Bxd2 Qxd2 0-1

[Event "3rd Yerevan Open A 2021"]
[Site "Yerevan ARM"]
[Date "2021.10.17"]
[EventDate "?"]
[Round "4.1"]
[Result "1-0"]
[White "Arman Mikaelyan"]
[Black "D Gukesh"]
[WhiteElo "2487"]
[BlackElo "2640"]
[PlyCount "98"]

1. d4 Nf6 2. c4 e6 3. Nf3 d5 4. Nc3 a6 5. cxd5 exd5 6. Bg5 Be6 7. e3 Nbd7 8. Bd3 Bd6 9. O-O c6 10. Bf4 Qc7 11. Qd2 O-O 12. h3 Nh5 13. Bxd6 Qxd6 14. a4 a5 15. Rab1 Nhf6 16. Qc2 Rfe8 17. Rfc1 h6 18. Nd2 Qe7 19. Ne2 Nb6 20. Ng3 Nc8 21. Qc3 Nd6 22. b4 axb4 23. Qxb4 Qd8 24. Nb3 h5 25. a5 h4 26. Ne2 Nfe4 27. Nf4 Bf5 28. a6 bxa6 29. Na5 Qg5 30. Qe1 Nf6 31. Bxf5 Qxf5 32. Nxc6 Nc4 33. Qb4 Qe4 34. Nxd5 Nxd5 35. Qxc4 Rac8 36. Qxa6 Nc3 37. Rb6 Nd5 38. Rbb1 Nc3 39. Na7 Rc7 40. Qf1 Re6 41. Nb5 Nxb1 42. Nxc7 Rb6 43. Nb5 Nd2 44. Nc3 Qf5 45. Qe2 Rb2 46. Ne4 Nc4 47. Qxc4 Qxe4 48. Qc8+ Kh7 49. Qg4 1-0